000 03475nam a22003137a 4500
003 OSt
005 20181124070635.0
008 180305b xxu||||| |||| 00| 0 spa d
040 _cPJ
100 _955
_aDiez, Manuel María
245 1 0 _aDerecho administrativo /
_cManuel María Diez.
250 _a2a. ed.
260 _aBuenos Aires :
_bPlus Ultra,
300 _a6 v.
500 _aLa Biblioteca posee v.1, v.2, v.3 y v.6.
504 _aIncluye bibliografía.
505 _aContenido: v. 1: El estado -- Las funciones del estado -- La administración pública -- El derecho administrativo y la ciencia de la administración -- Relaciones del derecho administrativo -- Fuentes del derecho administrativo -- La codificación del derecho administrativo -- Del método del derecho administrativo. v. 2: Organización administrativa -- Los sujetos en el derecho administrativo -- Organización administrativa Argentina -- De los hechos -- Los actos administrativos -- Clasificación de los actos administrativos -- De la formación de los actos administrativos -- De los elementos del acto administrativo -- Los caracteres del acto administrativo -- Nulidad de los actos administrativos -- los vicios de los actos administrativos -- Del saneamiento y de la convención de los actos administrativos -- De la extinción de los actos administrativos -- La interpretación de los actos administrativos -- El acto e gobierno del órgano ejecutivo. v. 3: Contratos administrativos -- Formación de los contratos administrativos -- Los vicios en el procedimiento de licitación -- Ejecución de los contratos administrativos -- Contrato de obra pública -- Concesión de obra pública -- Contrato de suministros -- Otros contratos del estado -- De los servicios públicos -- Del usuario del servicio publico -- De la creación, organización, modificación y supresión de los servicios públicos -- Sistemas de prestación de servicios públicos -- Concesión de servicios públicos -- El deber publico de prestación de los administrados -- Contrato de función publica civil del funcionario público -- Del ingreso de la función publica -- De los deberes de los funcionarios públicos -- Del régimen disciplinario de los funcionarios públicos -- Derechos de los funcionarios públicos -- Extinción de la relación funcional -- De las funciones de hecho -- De la función publica militar. v. 6: Control judicial de la administración. El proceso administrativo -- De las partes en el proceso administrativo --Del tribunal en el proceso administrativo. Su jurisdicción y competencia -- De la pretensión procesal administrativa de las partes -- El proceso administrativo. Su iniciación, desarrollo y terminación -- De la sentencia -- Del proceso de lesividad -- Control judicial de la administración en el ámbito nacional -- Control judicial de la administración en el ámbito provincial -- Control judicial de la administración en el ámbito municipal -- Legislación extranjera.
650 0 _aDERECHO ADMINISTRATIVO
_9211
650 0 _aADMINISTRACION PUBLICA
_9877
650 0 _aCONTRATOS ADMINISTRATIVOS
_91170
650 0 _aOBRAS PUBLICAS
_91593
650 0 _aCONTRATO DE OBRA PUBLICA
_91592
650 0 _aLICITACION PÚBLICA
_92988
650 0 _aSERVICIO PUBLICO
_9932
650 0 _aPROCEDIMIENTO ADMINISTRATIVO
_91135
650 0 _aREGIMEN DISCIPLINARIO ADMINISTRATIVO
_92018
650 0 _aFUNCIONARIOS PUBLICOS
_91496
942 _2udc
_cLIB
999 _c298
_d298